Driving Digital Transformation to Industry 4.0 with Real Time Data Infra - Ramanj & Dinesh, OSIsoft
Uloženo v:
| Další autoři: | , |
|---|---|
| Médium: | Kniha |
| Jazyk: | angličtina |
| Témata: | |
| On-line přístup: | Driving Digital Transformation to Industry 4.0 with Real Time Data Infra - Ramanj & Dinesh, OSIsoft |
| Tagy: |
Přidat tag
Žádné tagy, Buďte první, kdo vytvoří štítek k tomuto záznamu!
|
MARC
| LEADER | 00000nam a22000004a 4500 | ||
|---|---|---|---|
| 001 | vpro14359 | ||
| 005 | 20201223000000.0 | ||
| 008 | 190113s2019 ck # g## #001 0#eng#d | ||
| 020 | |||
| 022 | |||
| 040 | |a CO-BoINGC | ||
| 041 | 0 | |a eng | |
| 245 | 1 | 0 | |a Driving Digital Transformation to Industry 4.0 with Real Time Data Infra - Ramanj & Dinesh, OSIsoft |
| 246 | |a Conduciendo la transformacin̤ digital a la industria 4.0 con infraestructura de datos de tiempo real. Ramanj & Dinesh, OSIsoft | ||
| 264 | |a Bogot ̀(Colombia) : |b Revista VirtualPRO, |c 2019 | ||
| 520 | 3 | ||
| 650 | \ | \ | |a Datos masivos |
| 650 | \ | \ | |a Ciencia de datos |
| 650 | \ | \ | |a Big data |
| 650 | \ | \ | |a Data science |
| 650 | \ | \ | |a Ciencia de datos |
| 650 | \ | \ | |a Datos masivos |
| 650 | \ | \ | |a Big data |
| 650 | \ | \ | |a Data science |
| 650 | \ | \ | |a Big data |
| 700 | \ | \ | |a ARC Advisory Group |
| 700 | \ | \ | |a YouTube |
| 856 | |z Driving Digital Transformation to Industry 4.0 with Real Time Data Infra - Ramanj & Dinesh, OSIsoft |u https://virtualpro.unach.elogim.com/biblioteca/conduciendo-la-transformacion-digital-a-la-industria-4-0-con-infraestructura-de-datos-de-tiempo-real-ramanj-dinesh-osisoft | ||